000 00306nam a22001337a 4500
008 170622b xxu||||| |||| 00| 0 eng d
020 _a0810384833
041 _aeng
080 _a94
100 _a16
101 _aSHH
245 _aDICTIONARY OF TWENTIETH CENTURY CULTURE
_cSTANDISH,P
942 _2udc
_cBK
999 _c18635
_d18635